000 00600nam a2200217Ia 4500
005 20250923145258.0
008 008 250917s9999 xx 000 0 eng d
037 _aTextual
040 _aDSWL
_beng
_cDSWL
041 _aeng
_2eng
084 _aY:1:7(S).2, N73
_qDSWL
100 _aRath, Radhanath
_9833625
245 0 _aPsycho-Social Problems of Social Change
_cby Radhanath Rath
250 _a1st
260 _aBombay
_bAllied Publishers
_c1973
300 _aviii,110p.
365 _aINR
_b15
925 _g15
942 _cTEXL
_hY:1:7(S).2, N73
999 _c1449381
_d1449381